Bioquímica del cáncer / (Record no. 76183)

MARC details
000 -LEADER
campo de control de longitud fija 00569nam a2200181 i 4500
001 - NÚMERO DE CONTROL
campo de control 76183
003 - IDENTIFICADOR DE NÚMERO DE CONTROL
campo de control ES-MaACL
005 - FECHA Y HORA DE LA ÚLTIMA TRANSACCIÓN
campo de control 20230906172738.0
007 - CAMPO FIJO DE DESCRIPCIÓN FÍSICA--INFORMACIÓN GENERAL
campo de control de longitud fija t|
008 - DATOS DE LONGITUD FIJA--INFORMACIÓN GENERAL
campo de control de longitud fija 040929s1959 sp a |||| | spa d
100 1# - ENTRADA PRINCIPAL--NOMBRE DE PERSONA
Nombre de persona Greenstein, Jesse P.
9 (RLIN) 59870
245 10 - MENCIÓN DEL TÍTULO
Título Bioquímica del cáncer /
Mención de responsabilidad, etc. Jesse P. Greenstein ; traducción del inglés por Faustino Cordón.
260 ## - PUBLICACIÓN, DISTRIBUCIÓN, ETC.
Lugar de publicación, distribución, etc. Madrid :
Nombre del editor, distribuidor, etc. Revista de Occidente,
Fecha de publicación, distribución, etc. [1959] (
Fabricante Castilla)
300 ## - DESCRIPCIÓN FÍSICA
Extensión 802 p. :
Otras características físicas il. ;
Dimensiones 22 cm.
650 #4 - PUNTO DE ACCESO ADICIONAL DE MATERIA--TÉRMINO DE MATERIA
Término de materia o nombre geográfico como elemento de entrada Cáncer.
9 (RLIN) 145907
700 1# - ENTRADA AGREGADA--NOMBRE PERSONAL
Nombre de persona Cordón, Faustino.
9 (RLIN) 40557
852 ## - LOCALIZACIÓN
Ubicación ES-MaACL
Número de control de estantería C-17212
Holdings
Estatus retirado Estado de pérdida Estado de daño No para préstamo Biblioteca de origen Biblioteca actual Ubicación en estantería Fecha de adquisición Fuente de adquisición Total de préstamos Signatura topográfica completa Código de barras Visto por última vez Precio de reemplazo Tipo de ítem Koha
        Biblioteca del Ateneo de Madrid Biblioteca del Ateneo de Madrid Galería 17/01/2008     C-17212 1079729 23/02/2023 23/02/2023 Libro impreso